000 00982nam a2200229Ia 4500
003 Ost
005 20260507075108.0
008 260507s9999||||xx |||||||||||||| ||und||
020 _a60388099619
040 _cfsecg
041 _aara
082 _a330
100 _aهوام، جمعة
_eمؤلف
245 0 _aتقنيات المحاسبة المعمقة وفقا للدليل المحاسبي الوطني الجزء الثاني /
_c جمعة هوام
260 _aالجزائر:
_bديوان المطبوعات الجامعية,
_c2002
300 _a321 صفحة؛
_bإيضاحات ؛
_c23 سم
520 _aأعمال نهاية الدورة المحاسبية- الأنظمة المحاسبية وإجراءات التسجيل المحاسبي- محاولة لإعادة تقييم عناصر الأصول والخصوم.
653 _aالدليل المحاسبي
653 _aالمحاسبة
653 _aالمحاسبة المعمقة
942 _cكتاب
999 _c42830
_d42830